Seis preguntas de Sócrates : (Registro nro. 11098)

Detalles MARC
000 -LIDER
fixed length control field 01226nam a2200385 b 4500
001 - NÚMERO DE CONTROL
Identificador de número de control 20315
003 - IDENTIFICACDOR DE NÚMERO DE CONTROL
control field DO-SdBNP
005 - DATE AND TIME OF LATEST TRANSACTION
control field 20171108133021.0
007 - CAMPOS FIJOS DE DESCRIPCIÓN FÍSICA
fixed length control field 20315
008 - ELEMENTOS DE LONGITUD FIJA
fixed length control field 050428s2005 sp | ||| ||spa
016 7# - NO. DE CONTROL DE LA AGENCIA BIB. NACIONAL
Record control number
Source BPMSU
017 ## - NÚMERO DE REGISTRO DE DERECHOS DE AUTOR
Copyright or legal deposit number
Assigning agency
020 ## - ISBN
International Standard Book Number 8430605665
035 ## - NÚMERO LOCAL
System control number
040 ## - FUENTE DE CATALOGACIÓN
Agencia que crea de manera original el registro BPMSU
Idioma de catalogación spa
Agencia que realiza la transcripción BPMSU
Convenciones de la despripción
041 1# - CÓDIGOS DE OBRAS TRADUCIDAS O EN VARIOS IDIOMAS
Código del idioma del texto/archivo de sonido o separata spa
Cód. del idioma original y/o traducciones intermedias del texto
080 ## - NÚMERO DE CLASIFICACIÓN DECIMAL UNIVERSAL
Universal Decimal Classification number
082 #4 - NÚMERO DE CLASIFICACIÓN DECIMAL DE DEWEY
Classification number 183.2
Item number P558s
100 1# - ASIENTO PRINCIPAL -- NOMBRE PERSONAL
Nombre personal Phillips, Christopher
Fechas asociadas con el nombre 1959-
240 10 - TITULO UNIFORME
Título uniforme Six questions of Socrates
Idioma de una obra Español
245 10 - MENCIÓN DE TITULO
Título Seis preguntas de Sócrates :
Medio (Designación general de material)
Subtítulo un viaje por la filosofía del mundo /
Mención de responsabilidad Christopher Phillips ; traducción de Victoria E. Gordo del Rey
246 ## - VARIACION DEL TÍTULO
Título propiamente dicho o título corto Un viaje por la filosofía del mundo.
260 ## - PUBLICACIÓN, DISTRIBUCIÓN, ETC. (PIE DE IMPRENTA)
Lugar de publicación, distribución, etc Santafé de Bogotá :
Nombre del editor, distribuidor, etc. Taurus,
Fecha de publicación, distribución, etc 2005
300 ## - DESCRIPCIÓN FÍSICA
Extensión 387 p.;
Dimensiones 22 cm
490 1# - MENCIÓN DE SERIES
Mención de serie Pensamiento
500 ## - NOTA GENERAL
Nota general
504 ## - NOTA DE BIBLIOGRAFÍA, ETC.
Bibliography, etc Incluye bibliografía e índice.
600 ## - ENCABEZAMIENTO DE MATERIA--NOMBRE PERSONAL
Nombre personal SÓCREATES,
Fechas asociadas con el nombre 470-399 a. de J. C.
Subdivisión temática general CRÍTICA E INTERPRETACIÓN
650 #7 - ENCABEZAMIENTO DE MATERIA--TEMÁTICO
Término temático o nombre geográfico como elemento de entrada FILOSFÍA SOCRÁTICA
Fuente del encabezamiento o término
700 ## - ASIENTO SECUNDARIO -- NOMBRE PERSONAL
Nombre personal Gordo del Rey, Victoria E.
Mención de responsabilidad traductor
830 #0 - ASIENTO SECUNDARIO DE SERIE--TÍTULO UNIFORME
Título uniforme Pensamiento (Taurus Ediciones)
942 ## - ADDED ENTRY ELEMENTS (KOHA)
Source of classification or shelving scheme Dewey Decimal Classification
Koha item type Libros
945 ## - INFORMACIÓN DE PROCESAMIENTO LOCAL
Información de procesamiento local Inventariado, 2017/MFF
956 ## - LOCAL ELECTRONIC LOCATION AND ACCESS (OCLC)
Nombre de host VMATEO
Número de acceso 10
Información de compresión 20160805
Trayectoria BPMSU
Nombre Electrónico 0069
Existencias
Withdrawn status Lost status Source of classification or shelving scheme Damaged status Not for loan Collection code Home library Current library Date acquired Source of acquisition Total Checkouts Full call number Barcode Date last seen Price effective from Koha item type Copy number
    Dewey Decimal Classification     Colección General Biblioteca Pública Metropolitana Salomé Ureña Biblioteca Pública Metropolitana Salomé Ureña 08/05/2016 Alfaguara   183.2 P558s BPMSU16080048 08/05/2016 08/05/2016 Libros  
    Dewey Decimal Classification     Colección General Biblioteca Pública Metropolitana Salomé Ureña Biblioteca Pública Metropolitana Salomé Ureña 08/05/2016 Alfaguara   183.2 P558s BPMSU16080049 08/05/2016 08/05/2016 Libros e. 2
    Dewey Decimal Classification     Colección General Biblioteca Pública Metropolitana Salomé Ureña Biblioteca Pública Metropolitana Salomé Ureña 08/15/2016 Afaguara   183.2 P558s BPMSU16080184 08/15/2016 08/15/2016 Libros e. 3